Countries of North America in Alphabetical Order - Statistics

General Stats
  • This quiz has been taken 261 times
  • The average score is 22 of 23
Answer Stats
Hint Answer % Correct
B Bahamas
98%
A Antigua and Barbuda
97%
B Belize
97%
H Honduras
97%
H Haiti
96%
J Jamaica
96%
B Barbados
95%
C Canada
95%
C Cuba
95%
D Dominica
95%
D Dominican Republic
95%
N Nicaragua
95%
E El Salvador
94%
M Mexico
94%
P Panama
94%
C Costa Rica
93%
G Grenada
93%
T Trinidad and Tobago
93%
G Guatemala
91%
U United States of America
91%
S Saint Kitts and Nevis
89%
S Saint Lucia
88%
S Saint Vincent and the Grenadines
88%
No matching quizzes found
Score Distribution
Percent of People with Each Score
Percentile by Number Answered
Your Score History
You have not taken this quiz